02205nam a2200433 a 450000500170000000800410001702000150005804100080007309200210008110000350010224501050013725000120024226000340025430000110028850001090029965300640040865300280047265300520050065300570055265300310060965300390064065300690067965300220074865300480077065300310081865300760084965301010092565300930102665300920111965300520121165300660126365301320132965300500146165300360151165300350154794200150158299900150159795201590161220240503095908.0141204s1999||||sp a f |||| 000 0 spa d a9879758307 aspa c616.203l85sTYR1 aTyrrel, D. A. J.eEditor93693 3aLa gripe y el resfrio, clínica y tratamiento.bManual de práctica profesional /cD. A. J. Tyrrel a1a ed.  aBuenos Aires: b[S/E];c1999. a245 p. aTyrrel, D. A. J. (1999). La gripe y el resfrío. Clínica y tratamiento. (1a ed.). Buenos Aires : S/E. aAnatomía y fisiología de las vías respiratorias altas aVirus- Panorama general aMecanismos de transmisión del resfrio común aEstudios psicológicos acerca del resfrío común aMecanismos inmunológicos aMorfología del resfrío común aCongestión nasal y síntomas de los oidos y senos paranasales aSecreción nasal aDolor de garganta, dolor de cabeza y fiebre aFisiopatología de la tos aNasofaringitis aguda (resfrío común) en la población pediátrica aSíndromes de las vías respiratorias bajas y resfrío común en la población pediátrica aNaturopatía y terapia médica no convencional en el tratamiento del resfrío común aTratamiento farmacológico: aceites esenciales en el tratamiento del resfrío común aSíntomas nasales: medicamentos descongestivps aTos: medicamentos antitusígenos. Medicamentos mucolíticos aDolor de cabeza y fiebre: uso de los medicamentos analgésicos antipiréticos en las infecciones del tracto respiratorio alto aUso de antibióticos en el resfrío común aTratamiento del resfrio común aVacunación y nuevos enfoques 2ddccBK01 c2128d2128 00102ddc4070aBFMbBFMcCRd2014-12-04eDonación Diciembre 2014l0o616.203 85 TYRp3425r2014-12-04tEj.1w2014-12-04yBKzDonación Diciembre 2014